000 01481nam a2200349Ia 4500
001 ebr10597884
003 CaPaEBR
006 m u
007 cr cn|||||||||
008 010727s2001 gw sb 100 0 eng d
010 _z 2001047190
020 _z3110163675 (acid-free paper)
020 _z9783110163674
020 _z9783110889161
040 _aCaPaEBR
_cCaPaEBR
035 _a(OCoLC)815506839
050 1 4 _aQA177
_b.M66 2001eb
082 0 4 _a512/.2
_221
245 0 0 _aModular representation theory of finite groups
_h[electronic resource] :
_bproceedings of a symposium held at the University of Virginia, Charlottesville, May 8-15, 1998 /
_ceditors, Michael J. Collins, Brian J. Parshall, Leonard L. Scott.
260 _aBerlin ;
_aNew York :
_bW. de Gruyter,
_c2001.
300 _axii, 262 p.
504 _aIncludes bibliographical references.
533 _aElectronic reproduction.
_bPalo Alto, Calif. :
_cebrary,
_d2011.
_nAvailable via World Wide Web.
_nAccess may be limited to ebrary affiliated libraries.
650 0 _aFinite groups
_vCongresses.
650 0 _aRepresentations of groups
_vCongresses.
655 7 _aElectronic books.
_2local
700 1 _aCollins, Michael J.
_q(Michael John),
_d1945-
700 1 _aParshall, Brian,
_d1945-
700 1 _aScott, L. L.
_q(Leonard L.)
710 2 _aebrary, Inc.
856 4 0 _uhttp://site.ebrary.com/lib/rucke/Doc?id=10597884
_zAn electronic book accessible through the World Wide Web; click to view
999 _c213164
_d213164